|
|
|
|
| LEADER |
00000nam a2200000 a 4500 |
| 001 |
vtls001384531 |
| 003 |
SK-MaSNL |
| 005 |
20260301011453.0 |
| 008 |
240314s1999 xo ap r yy slo |
| 015 |
|
|
|a SNBA2000/05-01558
|
| 020 |
|
|
|a 8080440646
|
| 035 |
|
|
|a SNK000338643
|
| 035 |
|
|
|a urn:nbn:sk:snk-amk2hc
|
| 035 |
|
|
|a urn:nbn:sk:snk-am00587b
|
| 035 |
|
|
|a 59FE6249-F548-4977-947A-B7AD5171CDA1
|
| 040 |
|
|
|a SNK
|b slo
|c SNK
|e AACR2
|
| 041 |
0 |
|
|a slo
|
| 044 |
|
|
|a xo
|c SK
|
| 080 |
|
|
|a 51-7:336:681.3.06
|2 1981
|
| 080 |
|
|
|a 336
|2 1981
|
| 080 |
|
|
|a 681.3.06
|2 1981
|
| 100 |
1 |
|
|a Huťka, Vladimír,
|d 1936-
|4 aut
|9 109388
|
| 245 |
1 |
0 |
|a Finančná matematika v Exceli
|c Vladimír Huťka, František Peller
|
| 260 |
|
|
|a Bratislava
|b Elita
|c c1999
|
| 300 |
|
|
|a 178 s.
|b tab.
|c 23 cm
|e 1 disketa
|
| 504 |
|
|
|a Bibliogr. s. 181
|
| 650 |
0 |
7 |
|a matematika finančná
|x Excel (počítačový program)
|x monografie
|2 SNK
|9 294927
|
| 650 |
0 |
7 |
|a Excel (počítačový program)
|x matematika finančná
|x monografie
|2 SNK
|9 294928
|
| 655 |
|
7 |
|a príručky
|2 SNK
|9 74364
|
| 700 |
1 |
|
|a Peller, František,
|d 1940-
|4 aut
|9 109389
|
| 919 |
|
|
|a 80-8044-064-6
|
| 958 |
|
|
|a OND
|
| 958 |
|
|
|a TL
|
| 958 |
|
|
|a NB
|
| 999 |
|
|
|c 551010
|d 552940
|
| 952 |
|
|
|t P60, <03>, [BOOK], {603}
|a SNK
|b SNK
|y PREZ
|7 0
|p 17A0230937
|o snkSC 101060
|i snkKSP 2857/2000
|0 0
|1 0
|4 0
|d 2000-03-09
|f 1
|l 0
|r 2025-09-19 00:00:00
|w 2026-02-23
|
| 952 |
|
|
|t P60, <03>, [BOOK], {603}
|a SNK
|b SNK
|y PREZ
|7 0
|p 17A0230938
|o snkSC 101060/pril.
|0 0
|1 0
|4 0
|d 2000-03-09
|l 0
|r 2025-09-19 00:00:00
|w 2026-02-23
|
| 952 |
|
|
|a SNK
|b SNK
|y VYP
|7 0
|p 17A0230939
|o snkSC 101060 D1
|i snkKSP 2858/2000
|0 0
|1 0
|4 0
|d 2000-03-09
|l 0
|r 2005-01-02 00:00:00
|w 2026-02-23
|
| 952 |
|
|
|a SNK
|b SNK
|y PREZ
|7 0
|p 17A0230940
|o snkSC 101060/pril. D1
|i snkKSP 2858/2000
|0 0
|1 0
|4 0
|d 2000-03-09
|l 0
|r 2005-01-02 00:00:00
|w 2026-02-23
|